000 00618nam a2200241Ia 4500
003 OSt
005 20221005043225.0
006 a|||||r|||| 00| 0
007 ta
008 221004b |||||||| |||| 00| 0 eng d
024 _a45708
037 _cTextual
040 _aCRL
_cCRL
_beng
041 _2eng
_aeng
082 _aO111,3N04,MQ, M2
100 _aGreene Graham
245 0 _aMonsignor Quixote
260 _aEngland
_bPenguin Books
_c1982
300 _a255p.
_ccm.
650 _aENGLISH FICTION
942 _hO111,3N04,MQ, M2
_cTEXL
_2cc
999 _c951537
_d951537